Piḷāsṭik pāṭṭilkaḷai 130 vaḻikaḷil payaṉpaṭuttalām = (Record no. 199891)

MARC details
000 -LEADER
fixed length control field 01188nam a2200277 i 4500
005 - DATE AND TIME OF LATEST TRANSACTION
control field 20250630154943.0
008 - FIXED-LENGTH DATA ELEMENTS--GENERAL INFORMATION
fixed length control field 250630s2019 ii a gr 000 0 tam d
020 ## - INTERNATIONAL STANDARD BOOK NUMBER
Terms of availability RM39.20
Qualifying information paperback
040 ## - CATALOGING SOURCE
Original cataloging agency PPAK
Language of cataloging eng
Transcribing agency PPAK
Description conventions rda
082 04 - DEWEY DECIMAL CLASSIFICATION NUMBER
Edition number 23
Classification number 745.572
090 00 - LOCALLY ASSIGNED LC-TYPE CALL NUMBER (OCLC); LOCAL CALL NUMBER (RLIN)
Classification number (OCLC) (R) ; Classification number, CALL (RLIN) (NR) 745.572
Feature heading RAV
Feature heading G
100 1# - MAIN ENTRY--PERSONAL NAME
Linkage 880-01
Personal name Ravi, Ātmā kē.,
Relator term author.
245 10 - TITLE STATEMENT
Linkage 880-02
Title Piḷāsṭik pāṭṭilkaḷai 130 vaḻikaḷil payaṉpaṭuttalām =
Remainder of title Plastic bottles can be used in 130 ways /
Statement of responsibility, etc. Atma K. Ravi
264 #1 - PRODUCTION, PUBLICATION, DISTRIBUTION, MANUFACTURE, AND COPYRIGHT NOTICE
Place of production, publication, distribution, manufacture Chennai :
Name of producer, publisher, distributor, manufacturer Chennai Publications,
Date of production, publication, distribution, manufacture, or copyright notice 2019
300 ## - PHYSICAL DESCRIPTION
Extent 144 pages ;
Other physical details illustrations ;
Dimensions 22 cm
336 ## - CONTENT TYPE
Content type term text
Source rdacontent
337 ## - MEDIA TYPE
Media type term unmediated
Source rdamedia
338 ## - CARRIER TYPE
Carrier type term volume
Source rdacarrier
546 ## - LANGUAGE NOTE
Language note Text in Tamil.
650 10 - SUBJECT ADDED ENTRY--TOPICAL TERM
Topical term or geographic name entry element Plastic bottles
Form subdivision Juvenile literature
Topical term or geographic name entry element Plastics craft
Form subdivision Juvenile literature
Topical term or geographic name entry element Handicraft
Form subdivision Juvenile literature
880 1# - ALTERNATE GRAPHIC REPRESENTATION
Linkage 100-01/
a ரவி, ஆத்மா கே.,
Linkage 245-02/
a பிளாஸ்டிக் பாட்டில்களை 130 வழிகளில் பயன்படுத்தலாம் / ஆத்மா கே. ரவி
942 ## - ADDED ENTRY ELEMENTS (KOHA)
Source of classification or shelving scheme Dewey Decimal Classification
Koha item type Book
Holdings
Withdrawn Not for loan Current library Shelving location Date acquired Total Checkouts Full call number Barcode Date last seen Koha item type
    Perpustakaan Alor Setar Pinjaman Dewasa 15/07/2025   745.572 RAV A01871130 15/07/2025 Book
    Perpustakaan Awam Sungai Petani Pinjaman Dewasa 15/07/2025   745.572 RAV A01871131 15/07/2025 Book